| LEADER | 01328nam a2200241 4500 | ||
|---|---|---|---|
| 082 | |a 807.1 |b Đ450TH | ||
| 100 | |a Đỗ Thúy | ||
| 245 | |a Giới thiệu giáo án ngữ văn 9 |c Đỗ Thúy, Lê Huân, Thảo Nguyên |n T.1 | ||
| 250 | |a | ||
| 260 | |a H. |b Hà Nội |c 2005 | ||
| 300 | |a 216 tr. |c 24 cm. | ||
| 520 | |a v.v... | ||
| 653 | |a Văn học | ||
| 653 | |a Ngữ văn | ||
| 653 | |a Lớp 9 | ||
| 653 | |a Giáo án | ||
| 942 | |2 ddc |c STK0 | ||
| 999 | |c 9034 |d 9034 | ||
| 952 | |0 0 |1 0 |2 ddc |4 0 |6 807_100000000000000_Đ450TH |7 0 |8 800 |9 73900 |a qbu |b qbu |c D5 |d 2015-05-04 |g 28000 |l 1 |o 807.1 Đ450TH |p 8678.c1 |r 2015-10-30 |s 2015-10-29 |w 2015-05-04 |y STK0 | ||
| 952 | |0 0 |1 0 |2 ddc |4 0 |6 807_100000000000000_Đ450TH |7 0 |8 800 |9 73901 |a qbu |b qbu |c D5 |d 2015-05-04 |g 28000 |l 3 |o 807.1 Đ450TH |p 8678.c2 |r 2016-05-20 |s 2016-05-18 |w 2015-05-04 |y STK0 | ||
| 952 | |0 0 |1 0 |2 ddc |4 0 |6 807_100000000000000_Đ450TH |7 0 |8 800 |9 73902 |a qbu |b qbu |c D5 |d 2015-05-04 |g 28000 |l 4 |o 807.1 Đ450TH |p 8678.c3 |r 2016-11-02 |s 2016-10-25 |w 2015-05-04 |y STK0 | ||
| 952 | |0 0 |1 0 |2 ddc |4 0 |6 807_100000000000000_Đ450TH |7 0 |8 800 |9 73903 |a qbu |b qbu |c D5 |d 2015-05-04 |g 28000 |l 3 |o 807.1 Đ450TH |p 8678.c4 |r 2016-11-02 |s 2016-10-25 |w 2015-05-04 |y STK0 | ||
| 952 | |0 0 |1 0 |2 ddc |4 0 |6 807_100000000000000_Đ450TH |7 0 |8 800 |9 73904 |a qbu |b qbu |c D5 |d 2015-05-04 |g 28000 |l 5 |m 1 |o 807.1 Đ450TH |p 8678.c5 |r 2016-11-01 |s 2016-10-25 |w 2015-05-04 |y STK0 | ||